[Event "Elbow Beach Club GM-A"]
[Site "Paget Parish"]
[Date "2001.01.25"]
[Round "6"]
[White "Stefansson, Hannes"]
[Black "Macieja, Bartlomiej"]
[Result "1/2-1/2"]
[WhiteElo "2570"]
[BlackElo "2578"]
[Annotator "Tsesarsky,I"]
[PlyCount "37"]
[EventDate "2001.01.20"]
[EventType "tourn"]
[EventRounds "10"]
[EventCountry "BER"]
[EventCategory "13"]
[SourceTitle "CBM 081"]
[Source "ChessBase"]
[SourceDate "2001.03.20"]
[SourceVersion "1"]
[SourceVersionDate "2001.03.20"]
[SourceQuality "1"]

1. c4 c5 2. Nf3 Nc6 3. Nc3 Nf6 4. g3 $5 {This moves order purpose is to
prevent theoretical positions after} (4. d4 cxd4 5. Nxd4 e6 6. g3 Qb6 {with
good counterplay or equal position.}) 4... d5 5. d4 {So fashionable is to play
d2-d4 only after d7-d5.} e6 $1 6. cxd5 Nxd5 $1 {After some tricks Black
recieved position of Tarrash opening with g2-g3 move.} ({Not} 6... exd5 7. Bg2
$14 {-theory}) 7. Bg2 Ndb4 $1 $11 {[%mdl 4] The best reaction in this position!
} 8. e3 (8. a3 $2 cxd4 9. axb4 Bxb4 10. Nxd4 Nxd4 11. Be3 e5 $17 {0-1 Paci,
C-Doghri,N/Cannes FRA 2000/The Week in Chess 278/ (38)}) ({Equality also after
} 8. dxc5 $5 $11 Qxd1+ 9. Kxd1 Bxc5 10. a3 Nd5 11. Nxd5 exd5 12. b4 Bb6 13. Bb2
O-O 14. e3 Bf5 15. Ke2 d4 16. Nxd4 Nxd4+ 17. Bxd4 Bxd4 18. exd4 Rfe8+ 19. Kd2
Rad8 $11 {1/2-1/2 Filippov,V-Krasenkow,M/Shanghai CHN 2000/The Week in Chess
278 (53)}) 8... cxd4 9. exd4 Nxd4 10. O-O (10. Nxd4 {-see detailed commented
game  1/2-1/2 Biriukov,O-Aseev,K/City-Ch, St Petersburg RUS 1998/[Tsesarsky,I]
(41)}) 10... Nxf3+ 11. Qxf3 Be7 12. Rd1 Qa5 13. Bf4 (13. a3 O-O 14. Bf4 Nc6 15.
b4 Qf5 16. b5 Na5 17. Bc7 Qxf3 18. Bxf3 Nb3 19. Rab1 Nc5 20. a4 $44 {1/2-1/2
Kramnik,V-Topalov,V/Linares ESP 1999/ (33)}) 13... O-O 14. Qe2 Nc6 ({Good also
} 14... Rd8 15. a3 Nc6 16. Rxd8+ Bxd8 17. Rd1 Be7 $44 {[%cal Gg2b7,Gd1d8]}) 15.
a3 Qf5 16. Be4 Qh3 $1 (16... Qf6 $2 17. Qc2 Nd4 (17... h6 $4 18. Bh7+ Kh8 19.
Ne4 $18) (17... g6 18. Bxc6 bxc6 19. Ne4 Qf5 20. Qxc6 Ba6 21. Bd6 $16) 18.
Bxh7+ Kh8 19. Qe4 Nb3 20. h4 $1 $14 {[%cal Gf4g5]}) 17. Bg2 ({Equal position
also after} 17. Bd6 Bxd6 18. Rxd6 e5 19. Bxc6 bxc6 20. Qxe5 Bg4 $132 {[%csl
Rc6,Rf3,Rg2]}) 17... Qf5 18. Be4 Qh3 19. Bg2 {Black equalized in this game
without difficulties! Now White had to analyse this opening nuances and to
prepare somethig more effective...} 1/2-1/2

[Event "Linares Anibal op 04th"]
[Site "Linares"]
[Date "1997.??.??"]
[Round "4"]
[White "Janjgava, Lasha"]
[Black "Rodriguez Lopez, Rafael"]
[Result "1-0"]
[WhiteElo "2495"]
[BlackElo "2365"]
[Annotator "Tsesarsky,I"]
[PlyCount "79"]
[EventDate "1997.02.??"]
[EventType "swiss"]
[EventRounds "10"]
[EventCountry "ESP"]
[SourceTitle "CBM 058"]
[Source "ChessBase"]
[SourceDate "1997.06.01"]
[SourceVersion "1"]
[SourceVersionDate "1997.06.01"]
[SourceQuality "1"]

1. d4 {Hecht} Nf6 2. Nf3 e6 3. c4 d5 4. Nc3 c5 5. cxd5 Nxd5 6. e4 Nxc3 7. bxc3
cxd4 8. cxd4 Bb4+ 9. Bd2 Bxd2+ 10. Qxd2 O-O 11. Bc4 b6 12. O-O (12. d5 Ba6 13.
Bxa6 Nxa6 14. d6 Nc5 15. e5 f6 16. O-O Rf7 17. Rad1 Rc8 18. Qe3 $14 {1/2-1/2
Korchnoi,V-Mecking,H/Hastings 1971 (42)}) 12... Ba6 (12... Bb7 13. Qf4 (13. d5
exd5 14. Bxd5 Bxd5 15. exd5 Nd7 16. Rfe1 Nf6 17. d6 Rc8 18. Rad1 Re8 19. Rxe8+
Qxe8 20. Qd4 Rc5 21. h3 Qa8 22. d7 Qd8 23. Ne5 h6 24. Qd6 {1/2-1/2 Hort,
V-Timman,J/Wijk aan Zee 1972}) 13... Qf6 14. Qxf6 gxf6 15. d5 exd5 16. Bxd5 Nc6
17. Nh4 Na5 18. Rac1 Rfd8 19. Nf5 Kf8 20. Bxb7 Nxb7 $14 {1/2-1/2 Henneberke,
F-Bisguier,A/Beverwijk 1962 (22)}) 13. Rac1 Bxc4 14. Rxc4 Nd7 $6 (14... b5 15.
Rc5 a6 16. d5 Nd7 17. Rc6 exd5 18. Qxd5 Nf6 19. Qf5 Qe8 20. Rxf6 $6 $11 (20.
Ne5 $5 Qd8 $5 (20... Qe7 21. Rfc1 Rfe8 22. R1c5 Rad8 23. h3 Rd2 24. a3 (24. Rc8
Nd7 25. Nxd7 Rxd7 $11) 24... Re2 25. f3 Qd8 26. Rc8 g6 $8 27. Rxd8 gxf5 28.
Rxe8+ Nxe8 29. exf5 Kg7 $16 (29... Re3 30. Kf2 Rxa3 31. Rc8 $18)) 21. Rfc1 Qd2
$132) 20... gxf6 21. Ng5 fxg5 22. Qxg5+ Kh8 23. Qf6+ {1/2-1/2 Anikaev,
Y-Bronstein,D/Minsk 1983}) 15. Rfc1 Qb8 (15... e5 16. d5 f6 17. Rc7 Nc5 18. d6
$16) (15... Nf6 16. Qe3 Re8 17. Ne5 $16 (17. Rc7 Re7)) 16. e5 Rd8 (16... b5 17.
Rc7 Nb6 18. Qd3 {[%csl Rb5,Rh7]} Nc4 19. Ng5 g6 20. Qh3 h5 {[%tqu "En","?","",
"","g5e6","",10]} 21. Nxe6 $3 Qb6 (21... Kh8 22. Qh4 fxe6 23. Qe7 Qxc7 24. Qxc7
$18) (21... Re8 22. Qf3 $18) 22. R7xc4 bxc4 23. Nxf8 Rxf8 24. Qc3 (24. Qe3 Rd8
25. Rxc4 Rxd4 26. Rc1 $16) 24... Rd8 25. Rd1 $18) 17. Qf4 Nf8 (17... h6 18. Rc7
$16) 18. Rc7 Rd7 19. Rxd7 Nxd7 20. Ng5 $1 Qe8 (20... Qf8 21. Rc7 Rd8 22. Qe4 g6
23. Rxa7 (23. Qh4 h6 24. Nxf7 Kxf7 25. Qf6+ Kg8 26. Qxg6+ Kh8 27. Rxa7 Qf4 28.
g3 Qd2 29. f4 Qxd4+ 30. Kg2 Qd5+ 31. Kh3 Rf8 32. Qxh6+ Kg8 33. Qg6+ Kh8 {
[%tqu "En","?","","","f4f5","",10]} 34. f5 $1 Rxf5 (34... Qxe5 35. Qh5+ Kg8 36.
Qg4+ Kh8 37. fxe6 $18) 35. Ra4 $18) 23... Qb4 24. h3 $18) 21. Rc7 f6 (21... Rd8
22. Rxa7 $18) 22. exf6 $6 (22. Ne4 $1 $16 f5 (22... fxe5 23. dxe5 (23. Qg5 Kf8
(23... h6 {[%tqu "En","?","","","e4f6","",10]} 24. Nf6+ $1 Kh8 {[%tqu "En","?",
"","","g5g7","",10]} 25. Qxg7+ $1 (25. Nxe8 hxg5 26. Nd6 Nf6 27. dxe5 Nd5 28.
Rd7 $16) 25... Kxg7 26. Nxe8+ Rxe8 27. Rxd7+ Kf6 28. dxe5+ Kxe5 29. Rxa7 $18)))
23. Nd6 Qd8 (23... Qe7 24. Qf3 Rb8 (24... Rd8 25. Qb3 $18 {[%csl Ra7,Rf5]}) 25.
Nxf5 Qb4 (25... exf5 26. Qd5+ $18) 26. h4 Rf8 27. Qb3 Qxb3 (27... Qe1+ 28. Kh2
Qxf2 (28... Kh8 29. Qxe6 $18) 29. Qxe6+ Kh8 30. Qxd7 $18) 28. axb3 exf5 29.
Rxd7 $18) 24. Rb7 a6 25. Qe3 Rb8 26. Rxb8 Qxb8 (26... Nxb8 27. Qb3 $18 {
[%csl Rb6,Re6]}) 27. Qb3 Nf8 28. Nxf5 $18) 22... Nxf6 23. Qe5 (23. Qd6 Rc8 24.
Rxc8 (24. Qxe6+ Qxe6 25. Nxe6 Re8 (25... Rxc7 26. Nxc7 $16 {See later}) 26. Rc6
Nd5 (26... Kf7 27. Ng5+ Kg6 28. Nf3 $16) 27. g3 (27. Kf1 $16 {See later}) 27...
Nb4 28. Rc4 a5 (28... Nxa2 29. d5 a5 30. d6 $16) 29. a3 b5 30. Rc5 Nd3 31. Rc6
b4 32. axb4 Nxb4 33. Rb6 Nd5 34. Rd6 $16) 24... Qxc8 25. Qxe6+ {- this game})
23... Rc8 24. Rxc8 $6 (24. Qxe6+ $1 Qxe6 25. Nxe6 Rxc7 (25... Re8 26. Rc6 (26.
Rxg7+ Kh8 27. Rxa7 Rxe6 28. f3 $17) 26... Nd5 27. Kf1 (27. g3 $16) 27... Nb4
28. Rc4 Nxa2 29. d5 {[%csl Ra2]} a5 30. Rc7 g6 31. d6 Rxe6 32. d7 Rd6 33. Rc8+
Kf7 34. d8=Q Rxd8 35. Rxd8 $16) 26. Nxc7 Ne4 27. Nb5 a6 28. f3 $3 $18 {[%csl
Rc3]}) (24. Nxe6 $2 Rxc7 (24... Qd7 25. Rxc8+ Qxc8 26. h3 $16) 25. Nxc7 Qa4 26.
Qe6+ (26. h3 $6 Qxa2 27. Ne8 $1 (27. d5 $2 Qb1+ 28. Kh2 Qe4 29. f4 a5 (29...
Qxe5 30. fxe5 Ne4 31. d6 Kf8 32. g4 a5 33. Kg2 a4 34. Kf3 Ng5+ (34... a3 35.
Kxe4 a2 36. e6 $18) 35. Kf4 Nf7 36. Ne6+ Ke8 37. Nxg7+ Kd7 38. e6+ Kxd6 39.
exf7 Ke7 40. Nf5+ Kf8 41. Nd4 a3 42. Nc2 a2 43. Kf5 Kxf7 44. g5 $18) 30. d6 Kf7
31. d7 Qxe5 32. d8=N+ (32. fxe5 Nxd7 33. e6+ Ke7 34. exd7 Kxd7 35. Nb5 Kc6 36.
Nc3 b5 37. Kg3 b4 38. Ne4 Kd5 39. Kf4 Kd4 40. Nd2 a4 $19) 32... Ke7 33. fxe5
Kxd8 34. exf6 gxf6 35. Nb5 Kd7 36. Kg3 Kc6 37. Nc3 b5 38. Kf4 Kc5 (38... b4 39.
Ne4 a4 40. Nd2 a3 41. Ke4 Kc5 42. Kd3 Kb5 43. g4 a2 44. Nb3 Ka4 45. Kc4 Ka3 46.
Na1 Kb2 47. Nb3 Ka3 48. h4 Ka4 $11) 39. Ne4+ Kc4 40. Nxf6 a4 $19) 27... Qf7 (
27... Kf7 28. Nd6+ Kf8 29. Nf5 Qb1+ 30. Kh2 Qe4 31. Qd6+ Kg8 32. g4 Qe8 33. f4
(33. g5 Qe2 34. Ne7+ Kf7 35. gxf6 Qxf2+ $11) 33... Qe2+ 34. Kg1 Qd1+ 35. Kg2
Qe2+ $11) 28. Nd6 Qd5 29. Nc8 Qd7 30. Nd6 Kf8 31. g4 $132) 26... Kf8 27. Qb3 (
27. Qe2 Kf7 28. d5 Qf4 29. Qc2 Qe5 30. g3 Nxd5 31. Nxd5 Qxd5 32. Qc7+ Kf6 33.
Qxa7 Qd1+ 34. Kg2 Qd5+ $11) 27... Qc6 28. Qa3+ Kf7 29. Na6 Qe4 30. Qb3+ Nd5 31.
g3 Kf6 32. Qc4 Qe1+ 33. Kg2 Qe4+ $11) 24... Qxc8 25. Qxe6+ $2 (25. g3 $1 $16 h6
(25... Qc1+ 26. Kg2 Qc6+ 27. Kh3 Nd7 (27... Qd5 28. Qb8+) 28. Qxe6+ Qxe6+ 29.
Nxe6 Kf7 30. Nd8+ Kf6 31. Kg4 $16) 26. Nxe6 Qc1+ 27. Kg2 Qc6+ 28. Kh3 Qf3 29.
Qb8+ Kf7 30. Nf4 Qg4+ 31. Kg2 Qd7 32. Qe5 $16) 25... Qxe6 26. Nxe6 Nd5 $44 {
[%csl Ra2,Ga7,Gb6]} 27. Kf1 $5 $11 (27. Nd8 a5 28. Kf1 (28. Nc6 Nc3 29. a3 Nb1
30. d5 Kf8 (30... Nxa3 $2 31. d6 $18) 31. Kf1 (31. a4 Nc3 32. d6 Ke8 $19) 31...
Nxa3 32. Ke2 Ke8 33. Kd3 Kd7 34. Nd4 $15)) (27. h4 Nc3 28. a3 Nb5 29. d5 Kf7
30. Kf1 (30. Ng5+ Ke7 31. Ne4 (31. Nxh7 $6 Nxa3 32. Ng5 (32. Kf1 Kd6 33. Ke2
Kxd5 $15) 32... a5 33. Ne6 Kf6 34. g4 (34. Nxg7 Kxg7 35. d6 Kf6 36. d7 Ke7 37.
h5 Nc4 38. h6 Ne5 39. h7 Nf7 40. g4 a4 41. g5 a3 42. g6 a2 $19) (34. h5 Nc4 35.
g4 a4 36. g5+ Kf5 37. Nxg7+ Kxg5 38. f4+ Kg4 39. h6 a3 40. h7 a2 41. h8=Q a1=Q+
42. Kg2 Qb2+ 43. Kg1 Qc1+ 44. Kh2 (44. Kg2 Ne3+ 45. Kf2 Qd2+ 46. Kg1 Qg2#)
44... Qxf4+ (44... Qd2+ 45. Kg1 Ne3 46. Qh5+ Kg3 47. Qg5+ Kf3 48. Qh5+ $11) 45.
Kg1 Qc1+ 46. Kh2 Qd2+ 47. Kg1 Qxd5 $19 (47... Qe1+ 48. Kh2)) 34... a4 35. h5
Nb5 36. g5+ Kf5 37. g6 Kf6 $19) 31... Nxa3 32. Kf1 Nc4 33. Ke2 $15) 30... Nxa3
31. Ke2 $15) (27. a3 $5 $11 Nc3 (27... Kf7 28. Nd8+ Kf6 29. Nc6 a5 30. Kf1 Nc3
31. Ne5 Ke6 32. Nc4 Na4 33. Ke2 Kd5 34. Kd3 $16) 28. Nc7 Ne2+ 29. Kf1 Nxd4 30.
a4 Kf7 31. Nb5 Nc6 32. Ke2 Ke6 33. Kd3 Kd5 34. Nc7+ Ke5 35. Nb5 $11) 27... Nc3
28. a3 Nb5 29. d5 $5 (29. a4 $1 $11 Nc3 30. a5 bxa5 31. Ke1 a4 32. Kd2 Ne4+ 33.
Kd3 a3 34. Kc2 Nxf2 35. Kb3 Ng4 36. d5 Kf7 37. Ng5+ Kf6 38. Nxh7+ Ke5 39. h3
Ne3 40. g4 Nxd5 (40... Nc4 41. Nf8 Kxd5 42. h4 a5 43. h5 a4+ 44. Ka2 Kc5 45.
Ne6+ Kb4 46. Nxg7 Ne5 47. h6 $18) 41. Kxa3 Kf4 42. Nf8 Kg3 43. Ne6 g6 44. Nf8
g5 45. Ne6 Kh4 46. Ka4 Nf4 47. Nxg5 Kxg5 48. Ka5 $11) 29... Kf7 (29... Nxa3 30.
d6 $18) 30. Ng5+ Kg6 (30... Ke7 31. Nxh7 Nxa3 32. Ng5 a5 (32... Kd6 33. Ne6 a5
34. Ke2 Kxd5 (34... Nc4 35. Nxg7 a4 36. Ne8+ Kxd5 37. Kd3 a3 38. Nc7+ Ke5 (
38... Kc6 39. Ne6 (39. Na6 Kb5 40. Nc7+ Ka5 $19) 39... Kd5 40. Nc7+) 39. f4+ $1
Kf5 40. Nb5 a2 41. Nd4+ Kxf4 42. Nb3 b5 $11) 35. Nxg7 a4 36. h4 Nc4 37. h5 a3 (
37... Nd6 38. h6 a3 39. h7 Nf7 40. Nf5 a2 (40... Kc4 41. Nd6+ $18) 41. Ne3+ Kc5
(41... Kd4 42. Kd2) 42. Nc2 Kc4 43. Kd2 b5 44. Na1 b4 45. Kc2 $18) 38. h6 a2
39. h7 a1=Q 40. h8=Q Qe5+ 41. Kf3 Nd2+ 42. Kg4 Qe2+ 43. Kh3 Qxf2 $11) 33. Ne4
a4 (33... b5 34. Ke2 b4 35. Kd3 a4 36. Kd4 b3 37. Kc3 Nb5+ 38. Kb2 Nd6 39. Nd2
$14) 34. Ke2 Nb5 35. Kd3 a3 36. Kc2 $14) 31. a4 Kxg5 $4 (31... Nc3 $1 32. d6 (
32. Nxh7 $1 Nxa4 (32... Kxh7 33. d6 $18) (32... Nxd5 33. Nf8+ Kf5 34. f3 Nc3
35. g4+ Ke5 36. h4 Nxa4 37. h5 Nc5 38. Ng6+ Kf6 39. Ke2 a5 40. f4 a4 41. g5+
Kf5 42. Nh4+ $8 (42. Ne7+ Ke6 43. h6 gxh6 44. gxh6 Kf7 45. Nd5 a3 $19) 42...
Kxf4 43. h6 a3 44. hxg7 a2 45. Ng6+ Kf5 46. Ne7+ Kg4 47. g8=Q a1=Q 48. Qc8+ $11
) 33. Nf8+ Kf6 34. Ne6 Nc3 35. Nc7 a5 36. d6 a4 $19) 32... Kf6 33. Nxh7+ (33.
f4 Nxa4 34. f5 Nc5 $19) 33... Ke6 34. h4 Nxa4 35. Ke2 (35. g4 Nc3 36. h5 a5 37.
g5 Ne4 38. Nf8+ Kxd6 39. h6 gxh6 40. gxh6 Ng5 41. h7 Nf7 42. Ng6 a4 43. f4 Kd5
(43... a3 44. Ne5 Nh8 45. Nc4+ $11) 44. Ne5 Nh8 45. Nd3 a3 46. Ke2 Kd4 47. Nb4
Kc3 48. Na2+ Kb3 49. Nc1+ Kb2 50. Nd3+ Kc3 51. Nc1 b5 $19) 35... Kxd6 36. g4
$15) 32. axb5 $18 {[#] Hecht schlechte schwarze Bauernstruktur am Damenflügel;
bewegliche gegen blockierte Mehrheit Bauerndurchbruch und ein fieser Trick} Kf6
(32... Kf5 33. f4) 33. f4 Ke7 34. g4 Kd6 35. f5 Kxd5 36. Kf2 Kc5 (36... Ke4 37.
Kg3 h5 (37... Ke5 38. Kf3 h5 39. h3 hxg4+ 40. hxg4 g6 41. fxg6 Kf6 42. Kf4 Kxg6
43. g5 Kg7 44. Kf5 Kf7 45. g6+ Kg8 46. Kf6 Kf8 47. g7+ Kg8 48. Kg6 a5 49. bxa6
$18) 38. f6 $18) (36... h6 {Hecht} 37. h4 (37. Ke3 Ke5 38. h3 {ist logischer
und klarer}) 37... Ke4 38. Kg3 h5 39. gxh5 Kxf5 40. Kf3 Ke5 41. Kg4 Kf6 42. Kf4
Ke7 43. Kg5 Kf7 44. Kf5 Kg8 45. Kg6 Kh8 46. h6 gxh6 47. Kxh6 Kg8 48. Kg6 Kh8
49. h5 Kg8 50. h6 Kh8 51. h7 a5 52. bxa6 b5 53. a7 b4 54. a8=Q#) 37. g5 Kd5 38.
Kf3 Ke5 39. Kg4 h6 (39... Kd6 40. Kf4 Kd5 41. f6 gxf6 42. gxf6 Ke6 43. Kg5 Kf7
44. Kf5 Kf8 45. Ke6 Ke8 46. f7+ Kf8 47. Kf6 h5 48. h4 a5 49. bxa6 $18) 40. f6 (
40. h4 $4 {Hecht} h5+ $3 41. Kxh5 Kxf5 42. g6 {und Schwarz kann mit Kf6 auf
Gewinn spielen statt mit Kf4 pattzusetzen}) 1-0

[Event "Solin 9th"]
[Site "Solin/Split"]
[Date "2001.12.09"]
[Round "2"]
[White "Ribli, Zoltan"]
[Black "Zelcic, Robert"]
[Result "1/2-1/2"]
[WhiteElo "2564"]
[BlackElo "2547"]
[Annotator "Tsesarsky,I"]
[PlyCount "50"]
[EventDate "2001.12.08"]
[EventType "tourn"]
[EventRounds "9"]
[EventCountry "CRO"]
[EventCategory "12"]
[SourceTitle "CBM 087"]
[Source "ChessBase"]
[SourceDate "2002.03.21"]
[SourceVersion "1"]
[SourceVersionDate "2002.03.21"]
[SourceQuality "1"]

1. Nf3 Nf6 2. c4 e6 3. Nc3 c5 4. g3 d5 5. cxd5 Nxd5 6. Bg2 Nc6 7. O-O Be7 8. d4
O-O 9. e4 Nb6 10. dxc5 Qxd1 (10... Bxc5 11. e5 Qxd1 12. Rxd1 Nc4 13. Ne4 Be7
14. Nd6 N6xe5 15. Nxe5 Nxd6 16. Bd2 f6 17. Bb4 Nf5 18. Bxe7 Nxe7 19. Nd7 $44 {
1/2-1/2 Topalov,V-Lautier,J/Monte Carlo 1998/CBM 63 ext (37). (36)}) 11. Rxd1
Bxc5 {White has certain space and development advantage, but Black hasn't
weaknesses, so his position is quite reliable.} 12. Bf4 ({Another mainline is} 
12. e5 Nc4 13. Na4 Be7 14. Bf4 Nb6 {-see commented game 1-0 Pigusov,E-Zelcic,R/
Ohrid 2001/CBM 84_01[Tsesarsky,I] (35)} (14... f6 15. Rac1 {-see commented
game 1/2-1/2 Ivanchuk,V-Xu Jun/Shenyang 2000/CBM 79[Tsesarsky,I] (34)})) 12...
f6 {[%cal Ge6e5,Gc8g4]} 13. Rac1 e5 14. Nb5 exf4 15. Rxc5 fxg3 16. hxg3 Bg4 17.
Rd2 {Better than} (17. Rdc1 Rad8 18. a3 $11 (18. Rxc6 $2 bxc6 19. Nxa7 c5 (
19... Ra8 20. Nxc6 Rxa2 21. b4 Rfa8 $15) 20. Rxc5 Rd1+ 21. Kh2 Bxf3 22. Bxf3
Rd2 23. Rb5 Rxf2+ 24. Kg1 Rxf3 25. Rxb6 Rd8 $17 {0-1 Moise,A-Andrijevic,M/
Budapest 1998/EXT 99 (36). (36)})) 17... Rfd8 ({How practice shows, another R
also can play on d8:} 17... Rad8 18. Nd6 Bxf3 19. Bxf3 Nc8 {and here:} (19...
Rf7 $6 20. Bg4 Re7 21. f4 g6 22. Bh3 Na8 23. Bc8 Nb6 24. Bxb7 Nb4 25. Rb5 Rxb7
26. Rxb4 $18 {1-0 Ruck,R-Farago,I/Pula 2000/EXT 2001 (62)}) 20. e5 (20. Rcd5
Nxd6 21. Rxd6 Rxd6 22. Rxd6 Re8 23. Bg2 Kf7 24. f4 (24. Rd7+ Re7 25. Rxe7+ Kxe7
26. f4 Kd6 27. Kf2 (27. Kf1 Kc5 28. Ke2 Kd4 $15) 27... Nb4 $15 {[%csl Ra2,Rb2]
[%cal Gb4d3,Gd3b2,Gb4a2]}) 24... Ke7 25. Rd5 Rd8 26. Rxd8 Kxd8 27. Kf2 Nb4 28.
e5 fxe5 (28... Kc7 29. Be4 fxe5 30. fxe5 Nxa2 31. Bxh7 Nb4 32. Ke3 $14) 29.
fxe5 Nd3+ 30. Ke2 Nxe5 31. Bxb7 Kc7 $11) (20. Nc4 Rxd2 21. Nxd2 Rd8 22. Nc4
N8e7 23. e5 $11) 20... Nxe5 21. Bd5+ Kh8 22. Nxc8 Rxc8 23. Rxc8 Rxc8 24. Bxb7
Rc1+ 25. Kg2 g5 26. Be4 Kg7 27. f4 gxf4 28. gxf4 Rc4 29. fxe5 Rxe4 30. exf6+
Kxf6 {1/2-1/2 Ribli,Z-Tukmakov,V/Bled 2000/EXT 2001 (30)}) 18. Nd6 Bxf3 ({
Possible also} 18... Rab8 19. a3 (19. Nxb7 Rxd2 20. Nxd2 Ne5 21. Na5 Na4 $11)
19... Rd7 20. Nc4 Rbd8 21. Nxb6 (21. Rxd7 Nxd7 22. Rd5 Be6 $19 {0-1 Tahirov,
F-Magerramov,E/Dubai UAE 2001/The Week in Chess 337 (33)}) 21... Rxd2 22. Nxd2
Rxd2 23. Nc4 Rd1+ 24. Kh2 Be6 $132) 19. Bxf3 Ne5 20. Bd1 Kf8 $1 ({After} 20...
Nc8 $6 21. Nc4 Rxd2 22. Nxd2 Nb6 23. f4 Nc6 24. Nf3 Kf8 25. Kf2 Ke8 26. Bb3 {
White keeps slight advantage:} Ke7 27. Ke3 Rc8 28. Rc3 ({Not} 28. g4 $6 Ne5 $1
29. Rxc8 Nxg4+ 30. Kd4 Nxc8 $15 {1/2-1/2 Bareev,E-Sax,G/Bihac 1999/EXT 2000 
(38)}) 28... Rd8 29. g4 $14) 21. Rcc2 ({Interesting was} 21. f4 $5 {and Black
must reply} Nf7 $1 ({Badly is} 21... Nec4 $2 {in view of} 22. Nxc4 Nxc4 23.
Rxd8+ Rxd8 24. Bb3 {and White leaves with advantage:} Nb6 (24... Nd2 25. Rd5
Ke7 26. Rxd8 Kxd8 27. Bd5 {[%csl Rd2][%cal Gg1f2,Gf2e2]} g5 (27... b5 28. Kf2
g5 29. fxg5 fxg5 30. Ke2 Nc4 31. Bxc4 bxc4 32. g4 $18 {[%csl Rh7]}) 28. fxg5
Nf3+ 29. Kf2 Nxg5 30. Bxb7 $16) 25. Kf2 Rd2+ 26. Ke3 Rxb2 27. Rc7 $16) 22. e5
Nc8 23. Ne4 Rxd2 24. Nxd2 fxe5 25. fxe5 b6 26. Rc7 Nxe5 27. Nf3 Nxf3+ 28. Bxf3
Rb8 $44) 21... Nec4 22. Nxc4 Nxc4 23. Rxd8+ Rxd8 24. Rxc4 Rxd1+ 25. Kg2 Ke7 {
How we can see, Black equalized easily in this opening variation. White should
find another ways to fight for opening advantage!} 1/2-1/2